Kursus e perolehan : 15 - 16 April 2003

Bibliographic Details
Format: Book
Subjects:
Online Access:http://app.inspen.gov.my:7779/pls/portal/docs/PAGE/CORPORATEPAGES/PORTAL_INSPEN/NOTA_KURSUS/MANAGEMENT/AD.PDF

MARC

LEADER 00000cam a2200000 7i4500
001 0000025876
005 20150408.0
040 |a INS 
090 0 0 |a M94 
245 0 0 |a Kursus e perolehan :   |b 15 - 16 April 2003 
650 0 0 |a Jabatan Penilaian dan Perkhidmatan Harta 
856 |u http://app.inspen.gov.my:7779/pls/portal/docs/PAGE/CORPORATEPAGES/PORTAL_INSPEN/NOTA_KURSUS/MANAGEMENT/AD.PDF 
999 |a M000000131   |b BOOK   |c Course Notes   |e Default branch